000 00593cam a22002291 4500
001 sa 68017011
003 DLC
005 20260227112659.0
008 940728s1967 ii 000 0 urdo
010 _asa 68017011
025 _aPL480:I-U-2071
035 _a(OCoLC)30844789
040 _aDLC
_cCU
_dCU
_dDLC
042 _apremarc
050 0 0 _aBS558.U7
_bS5
100 1 _aSingh, Sundar,
_d1889-1929.
245 1 0 _aḤaqīqī zindagī.
260 _a[Jullundar,
_bChristian Literature Centre]
_c1967.
300 _a77 p.
_c19 cm.
500 _aIn Urdu.
650 0 _aBible stories, Urdu.
999 _c87465
_d87465